Sports Quiz

Random Sports Quiz

PAC-12 School Nicknames Quiz Stats

 Plays Quiz not verified by Sporcle

Support Sporcle.
Go Orange.
Score 0/12 Timer 05:00
0 Plays Today
Hint Answer % Correct
University Of ArizonaWildcats
97.1%
University Of OregonDucks
97.1%
University Of California, Berkeley (CAL)Golden Bears
94.3%
University Of Southern California (USC)Trojans
94.3%
University Of UtahUtes
94.3%
University Of California, Los Angeles (UCLA)Bruins
91.4%
Oregon State UniversityBeavers
91.4%
Arizona State UniversitySun Devils
88.6%
University Of WashingtonHuskies
88.6%
Washington State UniversityCougars
88.6%
Stanford UniversityCardinal
85.7%
University Of Colorado BoulderBuffaloes
82.9%

You're not logged in!

Compare scores with friends on all Sporcle quizzes.
OR
Log In
Forgot?

From the Vault

-age Definitions

by NO_r_WAY

When do you think this quiz will start showing its age?
Remove Ads.
Support Sporcle.
Get the best of Sporcle when you Go Orange. This ad-free experience offers more features, more stats, and more fun while also helping to support Sporcle. Thank you for becoming a member.

Show Comments

Extras

Created Jan 10, 2016SourceReportNominate
Tags:nickname, Pac-12, school

Top Quizzes Today


Score Distribution

Your Account Isn't Verified!

In order to create a playlist on Sporcle, you need to verify the email address you used during registration. Go to your Sporcle Settings to finish the process.

Report this User

Report this user for behavior that violates our Community Guidelines.

Details: